Opúsculos sobre el movimiento de la Tierra

Sparad:
Bibliografiska uppgifter
Huvudupphovsman: Copérnico, Nicolás; Digges, Thomas; Galilei, Galileo
Materialtyp: Bok
Språk:Undetermined
Publicerad: Madrid, España Alianza Editorial 1986
Ämnen:
Taggar: Lägg till en tagg
Inga taggar, Lägg till första taggen!

MARC

LEADER 00000nam a2200000Ia 4500
008 170316s9999 xx 000 0 und d
090 |a 100 C-40.2o 
100 |a Copérnico, Nicolás; Digges, Thomas; Galilei, Galileo 
245 |a Opúsculos sobre el movimiento de la Tierra 
260 |a Madrid, España 
260 |b Alianza Editorial 
260 |c 1986 
300 |a 100 páginas 
650 |a FILOSOFÍA 
650 |a FILOSOFÍA DE LA CIENCIA 
999 |c 15928  |d 15928 
040 |a cru BVZT 
942 |c 15 D  |h 100 C-40.2o  |2 z